MARC details
| 000 -LÍDER |
| campo de controle de tamanho fixo |
01154nam a22003857a 4500 |
| 001 - NÚMERO DE CONTROLE |
| campo de controle |
BR0702304 |
| 003 - IDENTIFICADOR DO NÚMERO DE CONTROLE |
| campo de controle |
BR-BrBNA |
| 005 - DATA E HORÁRIO DA ÚLTIMA TRANSAÇÃO |
| campo de controle |
20230928102418.0 |
| 007 - CAMPO FIXO DE DESCRIÇÃO FÍSICA--INFORMAÇÃO GERAL |
| campo de controle de tamanho fixo |
ta |
| 008 - CAMPO DE DADOS FIXOS--INFORMAÇÃO GERAL |
| campo de controle de tamanho fixo |
230509b bl.||||| |||| 00| 0 por d |
| 040 ## - FONTE DA CATALOGAÇÃO |
| Instituição da catalogação original |
BR-BrBNA |
| Idioma da catalogação |
por |
| Instituição que transcreveu o registro |
Biblioteca Nacional de Agricultura |
| 041 ## - CÓDIGO DE IDIOMA |
| Código do idioma do texto/trilha sonora ou título diferente |
(Por) |
| 072 ## - CÓDIGO DE CATEGORIA DE ASSUNTO |
| Código de Categoria de Assunto |
F40; F02; H20 |
| Código do objeto |
1110 |
| 090 ## - NÚMERO DE CHAMADA LOCAL |
| -- |
1110 BR0702304 |
| 100 1# - ENTRADA PRINCIPAL--NOME PESSOAL |
| Nome pessoal |
Donadio, L.C. |
| 100 1# - ENTRADA PRINCIPAL--NOME PESSOAL |
| Nome pessoal |
Pereira, F.M. |
| 100 1# - ENTRADA PRINCIPAL--NOME PESSOAL |
| Nome pessoal |
Lam-Sanchez, A. |
| 110 1# - ENTRADA PRINCIPAL--NOME CORPORATIVO |
| Nome corporativo ou nome da jurisdição |
Universidade Estadual Paulista Júlio de Mesquita Filho, Jaboticabal, SP (Brasil). Faculdade de Ciências Agrárias e Veterinárias |
| 111 1# - ENTRADA PRINCIPAL--NOME DO EVENTO |
| Nome do evento ou lugar |
1. Simpósio sobre Abacaticultura |
| Local do evento |
Jaboticabal, SP (Brazil) |
| Data do evento ou assinatura do tratado |
20-25 Nov 1978 |
| 245 1# - TÍTULO |
| Título |
Anais do 1. Simpósio sobre Abacaticultura |
| 260 3# - PUBLICAÇÃO, DISTRIBUIÇÃO, ETC. |
| Local de publicação, distribuição, etc. |
Jaboticabal, SP (Brasil): |
| Data da publicação, distribuição, etc. |
1978. |
| 300 ## - DESCRIÇÃO FÍSICA |
| Extensão |
75 p. |
| 650 ## - ASSUNTO--TERMO TÓPICO |
| Cabeçalho tópico ou nome geográfico |
ABACATE |
| 650 ## - ASSUNTO--TERMO TÓPICO |
| Cabeçalho tópico ou nome geográfico |
PRÁTICA CULTURAL |
| 650 ## - ASSUNTO--TERMO TÓPICO |
| Cabeçalho tópico ou nome geográfico |
BIOLOGIA VEGETAL |
| 650 ## - ASSUNTO--TERMO TÓPICO |
| Cabeçalho tópico ou nome geográfico |
CLIMA |
| 650 ## - ASSUNTO--TERMO TÓPICO |
| Cabeçalho tópico ou nome geográfico |
SOLO |
| 650 ## - ASSUNTO--TERMO TÓPICO |
| Cabeçalho tópico ou nome geográfico |
ENXERTO |
| 650 ## - ASSUNTO--TERMO TÓPICO |
| Cabeçalho tópico ou nome geográfico |
BOTÂNICA |
| 650 ## - ASSUNTO--TERMO TÓPICO |
| Cabeçalho tópico ou nome geográfico |
ERVA DANINHA |
| 650 ## - ASSUNTO--TERMO TÓPICO |
| Cabeçalho tópico ou nome geográfico |
DOENÇA DE PLANTA |
| 650 ## - ASSUNTO--TERMO TÓPICO |
| Cabeçalho tópico ou nome geográfico |
PRAGA DE PLANTA |
| 909 ## - |
| -- |
202309 |
| -- |
Lucia |
| -- |
55 |
| -- |
Lucia Elande |
| 942 ## - ELEMENTOS DE ENTRADA ADICIONADOS (KOHA) |
| Tipo de material Koha |
Livros |